00468nam a2200157Ia 4500008004100000020001300041082001600054100004000070245003600110250000800146260003600154300003000190500001900220600002100239650005000260240925s9999 xx 000 0 und d a72119764 a005.133 NAU aNaughton, Patrick; Schildt, Herbert 0aJava 2: the complete reference  a3rd aNew York:bMc Graw HIllc,1999. axxii,665p.bNAfPhotocopy aIncludes Index aComputer Science aComputer science, information & general works